00353nam a2200133Ia 4500008004100000041000800041082001900049100002000068245003500088250000800123260005400131300001300185999002100198231228s1992 xx 000 0 und d aeng a658.4`038bKAN aKANTER (Jerome) aManagement Information System. a3rd aNew DelhibPrentice Hall of India New Delhic1992 aXIII,448 c1079619d1079619